|
|
|
|
| LEADER |
00000nab a2200000 a 4500 |
| 001 |
vtls000574683 |
| 003 |
SK-MaSNL |
| 005 |
20260304094850.0 |
| 008 |
250425c1996 xo 0 slo |
| 015 |
|
|
|a SNBRB19rr/mm-uuuuu
|
| 035 |
|
|
|a CL0574821
|
| 035 |
|
|
|a urn:nbn:sk:snk-abbpk6
|
| 035 |
|
|
|a (urnnbn)urn:nbn:sk:snk:ar-000i8j
|
| 035 |
|
|
|a (uuid)5df3a1b0-302b-48d5-aecb-042352be1ebb
|
| 040 |
|
|
|a SNKBUCL
|b slo
|c SNKBUCL
|e AACR2
|
| 041 |
0 |
|
|a slo
|
| 044 |
|
|
|a xo
|c SK
|
| 080 |
|
|
|a 82.09:885.4-3(048)
|2 1981
|
| 080 |
|
|
|a 885.4-3(048)
|2 1981
|
| 100 |
1 |
|
|a Zlatoš, Peter
|4 aut
|9 557919
|
| 245 |
1 |
0 |
|a Útrapy na oboch stranách textu
|c Peter Zlatoš
|
| 650 |
0 |
7 |
|a romány psychologické
|2 snkbucl
|9 653970
|
| 655 |
|
7 |
|a články z novín a časopisov
|2 snkbucl
|9 267496
|
| 773 |
0 |
|
|t Romboid
|g Roč. 31, č. 1 (1996), s. 63-65
|x 0231-6714
|
| 787 |
0 |
8 |
|i Rec.:
|a Bulík, Peter
|t Nôž
|d Bratislava : HEVI, 1994
|
| 850 |
|
|
|a Slovenská národná knižnica
|
| 852 |
|
|
|a Slovenská národná knižnica
|
| 958 |
|
|
|a article15
|
| 958 |
|
|
|a OND
|
| 958 |
|
|
|a RK
|
| 958 |
|
|
|a LX
|
| 958 |
|
|
|a SK
|
| 958 |
|
|
|a EUIPO
|
| 992 |
|
|
|a RBX
|
| 999 |
|
|
|c 2829346
|d 2831276
|